African Coastal Capitals - Statistics

General Stats
  • This quiz has been taken 219 times
    188 since last reset
  • The average score is 23 of 27
Answer Stats
Answers % Correct
Algiers
97%
Tunis
97%
Cape Town
93%
Djibouti
93%
Mogadishu
93%
Freetown
92%
Luanda
92%
Tripoli
92%
Accra
91%
Dakar
91%
Rabat
89%
Sao Tome
89%
Lome
87%
Maputo
87%
Libreville
85%
Monrovia
85%
Bissau
84%
Conakry
83%
Victoria
83%
Port Louis
82%
Banjul
81%
Praia
81%
Moroni
75%
Nouakchott
74%
Malabo
73%
Cotonou
50%
Abidjan
39%
No matching quizzes found
Score Distribution
Percent of People with Each Score
Percentile by Number Answered
Your Score History
You have not taken this quiz since the last reset